000
00203 a2200097 4500
001
14893
100
_a
O Brien E
245
_a
Arabian days
260
_a
London
_b
Quartet books
_c
090
_c
11662
_d
11662
942
_a
NUST-CAE
_c
M
_c
1850
999
_c
249966
_d
249966